| 000 | 00835nam a22003250a 4500 | ||
|---|---|---|---|
| 001 | PT48787 | ||
| 003 | AR-LpoUNG | ||
| 005 | 20210131231237.0 | ||
| 008 | 191001s2011||||xxk|||||||||||||||||eng d | ||
| 020 |
_a9780521184977 _c$24 |
||
| 040 |
_aAR-LpoUNG _bspa _cAR-LpoUNG _eaacr |
||
| 041 | _aeng | ||
| 044 | _axxk | ||
| 082 | 0 | _a428 279ste | |
| 100 | 1 | _aBarry, Marian | |
| 245 | 1 | 0 | _aSteps to academic writing |
| 250 | _a1ra. ed. | ||
| 260 |
_aCambridge : _bCambridge University, _c2011. |
||
| 300 |
_avi, 154 p. : _btbls., fot. |
||
| 650 | 4 | _aAPRENDIZAJE | |
| 650 | 4 | _aENSEĆANZA DE IDIOMAS | |
| 650 | 4 | _aGRAMATICA | |
| 650 | 4 | _aINFORMES | |
| 650 | 4 | _aINFORMES DE INVESTIGACION | |
| 650 | 4 | _aLENGUA INGLESA | |
| 651 | 4 | _aDOCUMENTOS TEORICOS O METODOLOGICOS | |
| 653 | _aINGLES | ||
| 905 | _a48787 | ||
| 942 | _cLSALA | ||
| 999 |
_c8883 _d8883 |
||